|
|
|
|
| LEADER |
00591cam a2200193 a 4500 |
| 001 |
0000052973 |
| 005 |
20010718090000.0 |
| 040 |
|
|
|a mod
|
| 041 |
|
|
|a eng
|
| 020 |
0 |
0 |
|a 9676106941
|
| 090 |
0 |
0 |
|a FK
|b WIL
|
| 100 |
1 |
0 |
|a Williams
|h Teddy
|
| 245 |
1 |
0 |
|a Scorpion - master of terror & tyrant of darkness
|c Teddy Williams
|
| 260 |
0 |
0 |
|a Kuala Lumpur
|b Utusan Publs. & Dists.
|c 1996
|
| 300 |
0 |
0 |
|a 68p.
|b ill.
|c 22cm
|
| 440 |
0 |
0 |
|a The two heroes series
|
| 650 |
0 |
0 |
|a Children's stories, English
|
| 852 |
0 |
0 |
|a 01
|
| 999 |
|
|
|a 0173129
|b KEMENTAH
|d BOOKS
|e Koleksi Kanak-kanak (K)
|f Perpustakaan KEMENTAH
|j AVAILABLE
|q GOOD CONDITION
|